[Event "10th EICC"]
[Site "Budva MNE"]
[Date "2009.03.12"]
[Round "7"]
[White "Kalezic,B"]
[Black "Sidorenko,I"]
[Result "1/2-1/2"]
[WhiteElo "2460"]
[BlackElo "2370"]
[EventDate "2009.03.06"]

1. e4 c5 2. Nf3 d6 3. d4 cxd4 4. Nxd4 Nf6 5. Nc3 Nc6 6. f3 e5 7. Nb3 Be7 8.
Be3 O-O 9. Qd2 a5 10. Bb5 Na7 11. Be2 Nc6 12. Rd1 a4 13. Nc1 a3 14. b3 Be6
15. Nd5 Bxd5 16. exd5 Nd4 17. Bxd4 exd4 18. Qxd4 Rc8 19. c4 Qa5+ 20. Qd2
Qa7 21. Qd4 Qa5+ 22. Qd2 Qa7 23. Qd4 Qa5+ 1/2-1/2

[Event "10th EICC"]
[Site "Budva MNE"]
[Date "2009.03.12"]
[Round "7"]
[White "Erdogdu,M"]
[Black "Plenkovic,Z"]
[Result "1/2-1/2"]
[WhiteElo "2460"]
[BlackElo "2354"]
[EventDate "2009.03.06"]

1. e4 d5 2. exd5 Qxd5 3. Nc3 Qd6 4. d4 g6 5. Bc4 Bg7 6. Nf3 Nf6 7. Ne5 O-O
8. O-O a6 9. Re1 c5 10. dxc5 Qxc5 11. Bb3 Nbd7 12. Na4 Qd6 13. Qxd6 exd6
14. Nxd7 Bxd7 15. Nb6 Rad8 16. Nxd7 Rxd7 17. c3 d5 18. Rd1 Re8 19. Kf1 Red8
20. Be3 Rd6 21. Bd4 Ne4 22. a3 Bxd4 23. Rxd4 Nc5 24. Ba2 Ne6 25. Rd2 d4 26.
Bxe6 fxe6 27. Rad1 e5 28. Ke2 Kf7 29. cxd4 exd4 30. Kd3 Rc6 31. Re1 b5 32.
Re4 Rcd6 33. Rc2 R8d7 34. Rc5 Kf6 35. g4 Kg7 36. h4 Rf6 37. f4 Rdf7 38.
Kxd4 Rxf4 39. Rce5 Rf2 40. b4 R2f3 41. Re3 R7f4+ 42. R5e4 Rxe4+ 43. Kxe4
Rf1 44. Kd5 Rh1 45. Re7+ Kg8 46. Ke6 Rxh4 47. Kf6 Kf8 48. Ra7 Ke8 49. g5
Rf4+ 50. Kg7 Rg4 51. Kxh7 Rxg5 52. Rxa6 Kf7 53. Ra7+ Kf6 54. Ra6+ Kf7 55.
Ra7+ Kf6 56. Ra6+ Kf7 57. Ra7+ Kf6 58. Ra6+ Kf7 1/2-1/2

[Event "10th EICC"]
[Site "Budva MNE"]
[Date "2009.03.12"]
[Round "7"]
[White "Haznedaroglu,K"]
[Black "Pesotsky,V"]
[Result "1/2-1/2"]
[WhiteElo "2451"]
[BlackElo "2343"]
[EventDate "2009.03.06"]

1. e4 Nf6 2. e5 Nd5 3. d4 d6 4. c4 Nb6 5. exd6 cxd6 6. Nc3 g6 7. Be3 Bg7 8.
Rc1 O-O 9. b3 e5 10. dxe5 dxe5 11. Qxd8 Rxd8 12. c5 N6d7 13. Nf3 Nf8 14.
Nb5 Nc6 15. Nd6 Rb8 16. Nxc8 Rbxc8 17. Bc4 Nd4 18. Ng5 Rd7 19. O-O Bf6 20.
Ne4 Be7 21. b4 Nf5 22. g4 Nd4 23. f4 exf4 24. Bxf4 Nfe6 25. Be3 Rf8 26.
Rcd1 Nf3+ 27. Kg2 Rxd1 28. Rxd1 Ne5 29. Be2 f5 30. gxf5 gxf5 31. Nd2 Ng4
32. Bxg4 fxg4 33. Ne4 Rf3 34. Re1 Bh4 35. Re2 Nf4+ 36. Bxf4 Rxf4 37. b5 Rf7
38. Nd6 Rc7 39. Re8+ Kg7 40. Rc8 Rxc8 41. Nxc8 Bd8 42. Nxa7 Kf7 43. Nc8 Ke6
44. Nb6 Bxb6 45. cxb6 Kd5 46. Kg3 Kc5 47. Kxg4 Kxb6 48. Kg5 1/2-1/2

[Event "10th EICC"]
[Site "Budva MNE"]
[Date "2009.03.12"]
[Round "7"]
[White "Aleskerov,F"]
[Black "Smirnov,Arte"]
[Result "0-1"]
[WhiteElo "2340"]
[BlackElo "2449"]
[EventDate "2009.03.06"]

1. d4 Nf6 2. Nf3 g6 3. Bg5 Bg7 4. Qc1 h6 5. Bf4 d6 6. g3 b6 7. Bg2 Bb7 8.
h4 Nbd7 9. O-O e6 10. a4 a5 11. Nc3 Ne4 12. Nb5 Ndf6 13. c4 Nh5 14. Be3 f5
15. c5 Kf7 16. c6 Ba6 17. d5 exd5 18. Qd1 Nhf6 19. Bh3 Bc8 20. Nfd4 Qe7 21.
Ra3 Kg8 22. Bf4 Kh7 23. Re3 Qd8 24. f3 Nc5 25. Qc2 Rf8 0-1

[Event "10th EICC"]
[Site "Budva MNE"]
[Date "2009.03.12"]
[Round "7"]
[White "Kapnisis,S"]
[Black "Anton,T"]
[Result "1-0"]
[WhiteElo "2441"]
[BlackElo "2350"]
[EventDate "2009.03.06"]

1. e4 e5 2. Nf3 Nc6 3. Bb5 a6 4. Ba4 Nf6 5. O-O b5 6. Bb3 Bc5 7. c3 d6 8.
d4 Bb6 9. a4 Rb8 10. a5 Ba7 11. h3 O-O 12. Be3 exd4 13. cxd4 Nxe4 14. Qc2
Qe8 15. Nc3 Nf6 16. Rfe1 Qd8 17. Ne4 Nb4 18. Nxf6+ Qxf6 19. Qd2 c5 20. Bg5
Qg6 21. Be7 Bb7 22. Nh4 Qd3 23. Qg5 h6 24. Qg4 Bc8 25. Qf4 Qxb3 26. Bxf8
Be6 27. Bxg7 Kxg7 28. Ra3 Qd5 29. Rg3+ Kf8 30. Ng6+ Ke8 31. Rxe6+ Qxe6 32.
Re3 Qxe3 33. Qxe3+ Kd7 34. Qe7+ Kc6 35. Qxa7 Rb7 36. Ne7+ 1-0

[Event "10th EICC"]
[Site "Budva MNE"]
[Date "2009.03.12"]
[Round "7"]
[White "Arsovic,G"]
[Black "Vujic,M"]
[Result "1/2-1/2"]
[WhiteElo "2426"]
[BlackElo "2322"]
[EventDate "2009.03.06"]

1. d4 d5 2. Nf3 Nc6 3. Bf4 Bg4 4. e3 e6 5. c4 Nf6 6. Nc3 Bb4 7. Rc1 O-O 8.
Be2 Re8 9. a3 Bxc3+ 10. Rxc3 Ne4 11. Rc1 dxc4 12. Rxc4 Rc8 13. O-O Ne7 14.
h3 Bh5 15. Rc1 Nd5 16. Bh2 c6 17. Qc2 Bg6 18. Bd3 Ng5 19. Ne5 Bxd3 20. Qxd3
f6 21. Nc4 Nf7 22. b4 Nb6 23. Na5 Qd7 24. Rfd1 Rcd8 25. Qc2 Re7 26. Nb3 Na4
27. Nd2 Nb6 28. Ne4 Qe8 29. Nc5 Nc8 30. Qb3 Ncd6 31. Rd2 Ng5 32. Qc2 Qg6
33. Qxg6 hxg6 34. Bxd6 Rxd6 35. h4 Nf7 36. Rcd1 Kf8 37. Kf1 Ke8 38. Ke2 Kd8
39. Rc2 e5 40. dxe5 Rxd1 41. Kxd1 Nxe5 1/2-1/2

[Event "10th EICC"]
[Site "Budva MNE"]
[Date "2009.03.12"]
[Round "7"]
[White "Ketzetzis,G"]
[Black "Klenburg,M"]
[Result "1/2-1/2"]
[WhiteElo "2243"]
[BlackElo "2426"]
[EventDate "2009.03.06"]

1. e4 d6 2. d4 Nf6 3. Nc3 g6 4. f4 Bg7 5. Nf3 O-O 6. e5 dxe5 7. dxe5 Qxd1+
8. Nxd1 Nd5 9. g3 Nc6 10. a3 Bf5 11. Bd3 Bxd3 12. cxd3 Rad8 13. Ke2 Rd7 14.
Nf2 Na5 15. Be3 Nb3 16. Rad1 c5 17. d4 c4 18. Nd2 Nxe3 19. Kxe3 Nxd4 20.
Nxc4 Nf5+ 21. Ke4 Rc7 22. Ne3 Nxe3 23. Kxe3 f6 24. exf6 exf6 25. Rd2 f5 26.
Rhd1 Re8+ 27. Kf3 Rce7 28. Kg2 Bf6 29. b3 Kf7 30. Rd7 Rxd7 31. Rxd7+ Re7
32. Rd3 Rc7 33. h3 Ke6 34. g4 b5 35. Nd1 Rc2+ 36. Kf3 Ra2 37. b4 Rc2 38.
Re3+ Kf7 39. gxf5 gxf5 40. Rd3 Ke6 41. Re3+ Kf7 42. Rd3 Ke6 1/2-1/2

[Event "10th EICC"]
[Site "Budva MNE"]
[Date "2009.03.12"]
[Round "7"]
[White "Bozinovic,Bob"]
[Black "Berczes,D"]
[Result "0-1"]
[WhiteElo "2095"]
[BlackElo "2513"]
[EventDate "2009.03.06"]

1. Nf3 c5 2. c4 Nc6 3. Nc3 e5 4. e4 g6 5. g3 Bg7 6. Bg2 d6 7. d3 Nge7 8.
O-O O-O 9. Ne1 h6 10. Nd5 Rb8 11. Rb1 b5 12. Nxe7+ Nxe7 13. b3 Be6 14. Bd2
Qd7 15. Nc2 f5 16. f4 exf4 17. Bxf4 g5 18. Be3 fxe4 19. Bxe4 d5 20. cxd5
Nxd5 21. Rxf8+ Rxf8 22. Bxc5 Nc3 23. Qe1 Rc8 24. b4 Nxb1 25. Qxb1 Bd5 26.
Bxd5+ Qxd5 27. Qb3 Qxb3 28. axb3 Kf7 29. g4 Ke6 30. Kf2 a5 31. d4 a4 32.
bxa4 bxa4 33. Ke3 Ra8 34. Na3 Kd5 35. Kd3 Bf8 36. Nb5 Bxc5 37. Nc3+ Kc6 38.
bxc5 a3 39. Na2 Ra4 40. h3 Ra8 0-1

[Event "10th EICC"]
[Site "Budva MNE"]
[Date "2009.03.12"]
[Round "7"]
[White "Andrejic,V"]
[Black "Larino Nieto,D"]
[Result "0-1"]
[WhiteElo "2275"]
[BlackElo "2488"]
[EventDate "2009.03.06"]

1. d4 e6 2. c4 d5 3. Nc3 c5 4. cxd5 exd5 5. Nf3 Nc6 6. g3 Nf6 7. Bg2 Be7 8.
O-O O-O 9. Bg5 cxd4 10. Nxd4 h6 11. Be3 Bg4 12. Qa4 Na5 13. Rad1 Nc4 14.
Bc1 Nb6 15. Qb5 a6 16. Qd3 Qd7 17. b3 Rfe8 18. Bb2 Bc5 19. Rc1 Rac8 20. e3
Bh3 21. Nce2 Bxg2 22. Kxg2 Ne4 23. Nf4 Rc7 24. f3 Nd6 25. a4 a5 26. Nh5 Re5
27. Nxg7 Rg5 28. Nb5 Nxb5 29. axb5 d4 30. exd4 Rxg7 31. Qe3 Nd5 32. Qe4 Bb6
33. Rxc7 Bxc7 34. Rc1 f5 35. Qh4 Bd8 36. Qxh6 Bg5 37. Qh5 Nf6 38. Qh3 Rh7
0-1

[Event "10th EICC"]
[Site "Budva MNE"]
[Date "2009.03.12"]
[Round "7"]
[White "Todorovic,GM"]
[Black "Franciskovic,B"]
[Result "1/2-1/2"]
[WhiteElo "2471"]
[BlackElo "2260"]
[EventDate "2009.03.06"]

1. e4 c6 2. Nc3 d5 3. Nf3 Bg4 4. h3 Bh5 5. Be2 e6 6. O-O Nf6 7. Ne5 Bxe2 8.
Qxe2 dxe4 9. Nxe4 Nxe4 10. Qxe4 Nd7 11. Nxd7 Qxd7 12. b3 Qd5 13. Qg4 O-O-O
14. d3 Bd6 15. Bb2 h5 16. Qe4 Rhg8 17. c4 Qxe4 18. dxe4 Be7 19. Rfd1 g6 20.
Bd4 Rxd4 21. Rxd4 Bf6 22. Rad1 Bxd4 23. Rxd4 Rd8 24. Rxd8+ Kxd8 25. Kf1 e5
26. c5 Ke7 27. Ke2 Ke6 28. Kd3 Ke7 29. b4 Ke6 30. a4 a6 31. Kc4 Ke7 32. b5
a5 33. bxc6 bxc6 34. Kd3 f6 35. Ke3 Kf7 36. Kf3 1/2-1/2

[Event "10th EICC"]
[Site "Budva MNE"]
[Date "2009.03.12"]
[Round "7"]
[White "Schroll,G"]
[Black "Drljevic,L"]
[Result "1-0"]
[WhiteElo "2430"]
[BlackElo "2244"]
[EventDate "2009.03.06"]

1. b3 d6 2. Bb2 e5 3. g3 Nf6 4. Bg2 g6 5. c4 Bg7 6. Nc3 O-O 7. e3 Re8 8.
Nge2 Nbd7 9. O-O h5 10. h3 Nf8 11. f4 exf4 12. Nxf4 c6 13. Qf3 N8h7 14. a3
a5 15. Rae1 Qc7 16. Qf2 Ng5 17. e4 Ne6 18. Na4 Nh7 19. Bxg7 Nxg7 20. d4 Ng5
21. Nc3 Be6 22. d5 Bc8 23. c5 dxc5 24. Qxc5 Qe5 25. Kh2 h4 26. gxh4 N5e6
27. Qe3 Nxf4 28. Qxf4 Qxc3 29. Qxf7+ Kh7 30. Rf6 Qxe1 31. Rxg6 Qc3 32. Rg5
Kh8 33. h5 Bxh3 34. h6 Ne6 35. e5 Rg8 36. Qf6+ 1-0

[Event "10th EICC"]
[Site "Budva MNE"]
[Date "2009.03.12"]
[Round "7"]
[White "Mikavica,M"]
[Black "Cvetkovic,Sr"]
[Result "1-0"]
[WhiteElo "2211"]
[BlackElo "2407"]
[EventDate "2009.03.06"]

1. d4 Nf6 2. Nf3 d5 3. c4 e6 4. Nc3 Nbd7 5. Bg5 c6 6. cxd5 exd5 7. e3 Bd6
8. Bd3 Nf8 9. Qc2 Ng6 10. Nh4 O-O 11. Nxg6 fxg6 12. Bh4 Be6 13. Qb3 Qe7 14.
a3 b5 15. Ne2 Qf7 16. f3 c5 17. dxc5 Bxc5 18. Nd4 Bxd4 19. exd4 Ne4 20. Qc2
Qf4 21. O-O Qxh4 22. fxe4 dxe4 23. Bxe4 Rxf1+ 24. Rxf1 Rd8 25. g3 Qg5 26.
Qc3 Bh3 27. Rf4 h5 28. Qc5 Bf5 29. Bxf5 gxf5 30. Qxf5 Qxf5 31. Rxf5 a6 32.
Rxh5 Rxd4 33. Rf5 b4 34. Kg2 1-0

[Event "10th EICC"]
[Site "Budva MNE"]
[Date "2009.03.12"]
[Round "7"]
[White "Nikac,P"]
[Black "Civric,Z"]
[Result "1-0"]
[WhiteElo "2395"]
[BlackElo "2206"]
[EventDate "2009.03.06"]

1. e4 c5 2. Nf3 Nc6 3. d4 cxd4 4. Nxd4 Qb6 5. Nb3 Nf6 6. Nc3 e6 7. Bd3 d6
8. O-O a6 9. Be3 Qc7 10. f4 g6 11. Qe1 Bg7 12. Qh4 O-O 13. f5 b5 14. Bg5
Nd7 15. f6 Bh8 16. Rf3 Re8 17. Rh3 Nf8 18. Bh6 e5 19. g4 Bxg4 20. Nd5 Qd7
21. Rg3 Be6 22. Rf1 Rab8 23. Ne3 d5 24. exd5 Bxd5 25. Nc5 1-0

[Event "10th EICC"]
[Site "Budva MNE"]
[Date "2009.03.12"]
[Round "7"]
[White "Schmidt,Rau"]
[Black "Scekic,V"]
[Result "1-0"]
[WhiteElo "2382"]
[BlackElo "2084"]
[EventDate "2009.03.06"]

1. Nf3 Nf6 2. c4 g6 3. Nc3 Bg7 4. e4 d6 5. d4 O-O 6. Be2 c5 7. O-O cxd4 8.
Nxd4 Nc6 9. Nc2 Bd7 10. Be3 Rc8 11. f3 b6 12. Qd2 Qc7 13. Rac1 Rfd8 14.
Rfd1 Qb8 15. Bf1 Ne5 16. b3 Bc6 17. Nb4 Bb7 18. Nbd5 Nxd5 19. Nxd5 Nc6 20.
Bg5 Rd7 21. Kh1 f6 22. Be3 e6 23. Nf4 Re8 24. c5 bxc5 25. Rxc5 Rdd8 26. Rc2
d5 27. exd5 g5 28. Nh5 Rxd5 29. Qe1 Rxd1 30. Qxd1 Qe5 31. Nxg7 Kxg7 32.
Qd7+ Re7 33. Qd2 h6 34. Bc5 Rf7 35. b4 a6 36. Rc1 Qc7 37. Bc4 Rd7 38. Qe3
e5 39. Be6 Rd8 40. Bb6 Qd6 41. Bxd8 Qxe6 42. Qd2 Kg6 43. Bb6 g4 44. fxg4
Qxg4 45. Bc5 Nd8 46. Rc3 Kf7 47. Rg3 Qc8 48. Qxh6 Ke6 49. Qh3+ f5 50. Rg6+
1-0

[Event "10th EICC"]
[Site "Budva MNE"]
[Date "2009.03.12"]
[Round "7"]
[White "Van Eijk,S"]
[Black "Dinter,B"]
[Result "1-0"]
[WhiteElo "2355"]
[BlackElo "2055"]
[EventDate "2009.03.06"]

1. e4 c6 2. d4 d5 3. e5 c5 4. Nf3 Nc6 5. c4 Bg4 6. cxd5 Bxf3 7. Qxf3 Nxd4
8. Qd1 Qxd5 9. Bb5+ Kd8 10. O-O e6 11. Nc3 Qxe5 12. f4 Qd6 13. Ne4 Qd5 14.
Nc3 Qd6 15. Qa4 Nf6 16. Kh1 Nd5 17. f5 e5 18. f6 Nxf6 19. Bg5 Be7 20. Rac1
a6 21. Bd3 Rc8 22. Bxf6 gxf6 23. Be4 Kc7 24. b4 Kb8 25. b5 f5 26. Bxf5 Nxf5
27. Rxf5 f6 28. Rb1 Ka8 29. bxa6 Qxa6 30. Qd7 Qc6 31. Qxe7 Rhg8 32. Rf3 Rg6
33. Qxh7 Rcg8 34. Rg3 Rxg3 35. hxg3 Qc8 36. Qe4 Rg4 37. Qf3 f5 38. Nb5 Ra4
39. Qd5 Rb4 40. Rb3 Rxb3 41. Qxb3 Kb8 42. Qd5 e4 43. Kg1 b6 44. a4 Qh8 45.
Qd6+ Ka8 1-0

[Event "10th EICC"]
[Site "Budva MNE"]
[Date "2009.03.12"]
[Round "7"]
[White "Berend,F"]
[Black "Kruljac,P"]
[Result "1-0"]
[WhiteElo "2351"]
[BlackElo "2052"]
[EventDate "2009.03.06"]

1. d4 d5 2. Nf3 Nf6 3. c4 c6 4. e3 a6 5. Bd3 e6 6. b3 b5 7. O-O Be7 8. Bb2
O-O 9. Ne5 Nfd7 10. Nf3 Nf6 11. Qc2 Bb7 12. Nbd2 Nbd7 13. Rfc1 Rc8 14. Qb1
h6 15. Rc2 dxc4 16. bxc4 Nb6 17. Bc3 Na4 18. Nb3 b4 19. Be1 c5 20. a3 cxd4
21. Nbxd4 Nc5 22. Be2 bxa3 23. Rd2 Qc7 24. Rxa3 Nce4 25. Rb2 Bxa3 26. Rxb7
Rb8 27. Rxc7 Rxb1 28. Bd3 Rd1 29. Bc2 Rc1 30. Kf1 Bb4 31. Ke2 Bxe1 32. Nxe1
Rd8 33. f3 Ne8 34. Rc6 e5 35. Nb3 Nc3+ 36. Kf2 Rxc2+ 37. Nxc2 a5 38. Kg3 a4
39. Nc5 Rd2 40. Nb4 Nd6 41. Nd5 Nf5+ 42. Kh3 Nd1 43. Ne4 Rc2 44. c5 a3 45.
Ra6 a2 46. Nb4 Rc4 47. Nd3 Nc3 48. Nxc3 Rxc3 49. Nxe5 f6 50. Ra8+ Kh7 51.
Nd7 Rc2 52. c6 Kg6 53. Ra7 Nxe3 54. Nf8+ Kg5 55. c7 Nxg2 56. Ne6+ Kf5 57.
Nd4+ 1-0

[Event "10th EICC"]
[Site "Budva MNE"]
[Date "2009.03.12"]
[Round "7"]
[White "Vulevic,V"]
[Black "Malureanu,C"]
[Result "1-0"]
[WhiteElo "2325"]
[BlackElo "2013"]
[EventDate "2009.03.06"]

1. c4 c5 2. Nc3 Nc6 3. g3 g6 4. Bg2 Bg7 5. Nf3 Nf6 6. O-O O-O 7. e3 d5 8.
cxd5 Nxd5 9. Nxd5 Qxd5 10. Nd4 Qd6 11. Nxc6 bxc6 12. Qa4 Bb7 13. Rd1 e5 14.
b3 e4 15. Rb1 f5 16. Ba3 Rfd8 17. Rbc1 Kh8 18. Rxc5 Qc7 19. Bb4 Rd5 20.
Rdc1 Qe5 21. Rxd5 Qxd5 22. d4 Qd8 23. Bf1 h5 24. Ba6 Bxa6 25. Qxa6 Rb8 26.
a3 Bf8 27. Rxc6 Bxb4 28. axb4 Rb6 29. Qc4 Rxc6 30. Qxc6 Qg8 31. Kg2 Qf7 32.
h3 h4 33. gxh4 f4 34. Qxe4 fxe3 35. fxe3 Qxb3 36. d5 Qd1 37. Qd4+ 1-0

[Event "10th EICC"]
[Site "Budva MNE"]
[Date "2009.03.12"]
[Round "7"]
[White "Sekulic,D"]
[Black "Stamatovic,V"]
[Result "1/2-1/2"]
[WhiteElo "2316"]
[BlackElo "1974"]
[EventDate "2009.03.06"]

1. d4 Nf6 2. c4 g6 3. Nc3 Bg7 4. e4 d6 5. f3 Nc6 6. Be3 e5 7. Nge2 exd4 8.
Nxd4 Ne5 9. Qd2 Nfd7 10. Be2 Nb6 11. b3 h5 12. O-O Qe7 13. Rac1 O-O 14. Nd5
Qd8 15. Nb5 Nxd5 16. cxd5 Bd7 17. Nxc7 Rc8 18. Nb5 Bxb5 19. Bxb5 a6 20. Be2
f5 21. exf5 Rxf5 22. Rxc8 Qxc8 23. Rc1 Qd8 24. a4 h4 25. f4 Nd7 26. Bg4 Rf8
27. Be6+ Kh7 28. Qc2 b6 29. Qc7 Nc5 30. Qxd8 Rxd8 31. f5 Bh6 32. Bxh6 Kxh6
33. b4 Nxa4 34. fxg6 Kxg6 35. Ra1 b5 36. Kf2 Rf8+ 37. Ke3 Kg5 38. g3 hxg3
39. hxg3 Rh8 40. Kf3 Kf6 41. Re1 Nb6 42. Kf4 Rh2 43. g4 Rf2+ 44. Kg3 Rb2
45. Re4 Kg5 46. Re3 Nc4 47. Rf3 Ne5 48. Rf5+ Kg6 49. Rf8 Rb3+ 50. Kg2 Rxb4
51. Rg8+ Kh6 52. Bf5 Rb3 53. g5+ Kh5 54. g6 Kg5 55. g7 Kf6 56. Rd8 Kxg7 57.
Rxd6 a5 58. Ra6 Nc4 59. Kf2 Rb2+ 60. Kf3 Rd2 61. Ke4 a4 62. Bd7 Rb2 63. Kd4
Rd2+ 64. Kc5 Ne3 1/2-1/2

[Event "10th EICC"]
[Site "Budva MNE"]
[Date "2009.03.12"]
[Round "7"]
[White "Draskovic,L"]
[Black "Sorgic,D"]
[Result "0-1"]
[WhiteElo "1983"]
[BlackElo "2278"]
[EventDate "2009.03.06"]

1. e4 d6 2. d4 g6 3. Nc3 Nf6 4. f3 c6 5. Be3 Nbd7 6. Qd2 b5 7. O-O-O Qc7 8.
g4 Nb6 9. g5 Nfd7 10. h4 Nc4 11. Bxc4 bxc4 12. h5 Rb8 13. hxg6 fxg6 14. Nb1
Qb7 15. c3 Qa6 16. a3 Nb6 17. Rh2 Na4 18. Qe1 Qb5 19. Rdd2 Bg7 20. Qf2 Qb3
21. f4 Bg4 22. Qg2 Nxb2 23. Rc2 Nd3+ 24. Kd2 0-1

[Event "10th EICC"]
[Site "Budva MNE"]
[Date "2009.03.12"]
[Round "7"]
[White "Papp,P"]
[Black "Vucinic,P"]
[Result "1-0"]
[WhiteElo "2134"]
[BlackElo "2257"]
[EventDate "2009.03.06"]

1. e4 e6 2. d4 d5 3. Nc3 Nf6 4. e5 Nfd7 5. f4 c5 6. Nf3 Nc6 7. Be3 Qb6 8.
Na4 Qa5+ 9. c3 cxd4 10. b4 Qc7 11. Nxd4 Nxd4 12. Bxd4 Be7 13. Bd3 g6 14.
O-O O-O 15. Nb2 Nb8 16. Qd2 Nc6 17. Be3 Rd8 18. Rac1 b6 19. Qf2 Bb7 20. Bd4
Rac8 21. Qe3 Bf8 22. a3 Qe7 23. Nd1 Qd7 24. Nf2 Nxd4 25. Qxd4 Be7 26. Ng4
Bc6 27. f5 Bb5 28. Nh6+ Kg7 29. f6+ Bxf6 30. exf6+ Kf8 31. Ng4 Bxd3 32.
Qxd3 Ke8 33. Ne5 Qd6 34. Rfe1 Rc7 35. Qh3 Rdc8 36. Qxh7 Qf8 37. Qg7 Qxg7
38. fxg7 Ke7 39. Rf1 f5 40. Nxg6+ Kf6 41. Nf4 Rc6 42. Rfe1 Rd6 43. c4 dxc4
44. Rxc4 Rg8 45. Rc7 e5 46. Nh5+ Kg6 47. Ng3 Re6 48. Rxa7 e4 49. Kf2 Kg5
50. Rf7 Re5 51. h4+ Kg6 52. Rb7 Ra8 53. g8=Q Rxg8 54. Rxb6+ Kf7 55. Rc1 Rd8
56. Rc7+ Kg8 57. Ne2 Red5 58. h5 Rd2 59. h6 f4 60. Rbb7 f3 61. Rg7+ Kf8 62.
Rbf7+ Ke8 63. gxf3 1-0

[Event "10th EICC"]
[Site "Budva MNE"]
[Date "2009.03.12"]
[Round "7"]
[White "Medancic,R"]
[Black "Becic,S"]
[Result "1/2-1/2"]
[WhiteElo "2242"]
[BlackElo "2131"]
[EventDate "2009.03.06"]

1. d4 d5 2. Nf3 e6 3. c4 c5 4. cxd5 exd5 5. Nc3 Nc6 6. g3 Nf6 7. Bg2 c4 8.
O-O Be7 9. b3 cxb3 10. Qxb3 O-O 11. Rd1 Na5 12. Qb1 Be6 13. Ng5 Rc8 14. Bd2
Nc4 15. Be1 b6 16. Nxe6 fxe6 17. Bh3 Kf7 18. e4 Na3 19. Qb3 Rc4 20. Bd2
dxe4 21. Bc1 Qc8 22. Bxa3 Bxa3 23. Nb5 Be7 24. d5 Qc5 25. d6 Bd8 26. d7 Kg6
27. Nd6 Rc2 28. Rf1 Bc7 29. Nc8 Nd5 30. Ne7+ Nxe7 31. Qxe6+ Rf6 32. Qxe4+
Kf7 33. Rae1 Rfxf2 34. Qxe7+ Qxe7 35. Rxe7+ Kxe7 36. Rxf2 1/2-1/2

[Event "10th EICC"]
[Site "Budva MNE"]
[Date "2009.03.12"]
[Round "7"]
[White "Simic,V"]
[Black "Susak,Z"]
[Result "1-0"]
[WhiteElo "2064"]
[BlackElo "2229"]
[EventDate "2009.03.06"]

1. c4 Nf6 2. Nf3 e6 3. g3 b6 4. Bg2 Bb7 5. O-O Be7 6. Nc3 O-O 7. b3 d5 8.
cxd5 exd5 9. d4 Nfd7 10. h4 c6 11. Qc2 h6 12. Bf4 Na6 13. a3 Rc8 14. Rfc1
c5 15. Bh3 cxd4 16. Nxd4 Nac5 17. f3 Bf6 18. e3 Re8 19. b4 Ne6 20. Qd2 Bxd4
21. exd4 a6 22. Nd1 Qf6 23. Bxe6 fxe6 24. Ne3 b5 25. Kg2 Nb6 26. Ng4 Qf8
27. Rc5 Nc4 28. Qd3 Qf5 29. Qxf5 exf5 30. Ne5 Rxc5 31. bxc5 Nxe5 32. Bxe5
Bc6 33. Kf2 Kf7 34. Ke3 Re7 35. Kf4 Ke6 1-0

[Event "10th EICC"]
[Site "Budva MNE"]
[Date "2009.03.12"]
[Round "7"]
[White "Maevsky,N"]
[Black "Vukovic,K"]
[Result "1-0"]
[WhiteElo "2223"]
[BlackElo "2055"]
[EventDate "2009.03.06"]

1. c4 Nf6 2. Nc3 g6 3. Nf3 Nc6 4. d4 d5 5. cxd5 Nxd5 6. e4 Nxc3 7. bxc3 Bg7
8. Bg5 Bg4 9. Be2 O-O 10. O-O f6 11. Be3 Qd6 12. Qb3+ Kh8 13. Qxb7 Rab8 14.
Qa6 Rb6 15. Qd3 Qa3 16. d5 Bxf3 17. Bxb6 Ne5 18. Qa6 Qxa6 19. Bxa6 axb6 20.
gxf3 Nxf3+ 21. Kg2 Nh4+ 22. Kh3 g5 23. f4 Ra8 24. Bd3 Ra3 25. Rac1 h6 26.
f5 Kg8 27. Rc2 Kf7 28. Kg4 Ng2 29. Rxg2 1-0

[Event "10th EICC"]
[Site "Budva MNE"]
[Date "2009.03.12"]
[Round "7"]
[White "Pejovic,J"]
[Black "Petovic,L"]
[Result "1-0"]
[WhiteElo "2214"]
[BlackElo "2052"]
[EventDate "2009.03.06"]

1. g3 d5 2. Bg2 c5 3. d3 Nc6 4. Nd2 Nf6 5. e4 Bg4 6. f3 Bh5 7. Nh3 e5 8.
Nf2 d4 9. O-O g5 10. a4 Rg8 11. Bh3 Bd6 12. Nc4 Bc7 13. Bd2 Qe7 14. Bf5 h6
15. a5 Qf8 16. c3 Qg7 17. g4 Bg6 18. Qb3 Rb8 19. Qb5 Bxf5 20. exf5 a6 21.
Qxc5 Nd7 22. Qa3 e4 23. Nxe4 Nde5 24. Ncd6+ Kd7 25. c4 Nxd3 26. Qxd3 Bxd6
27. Nxd6 Kxd6 28. Be1 Rbe8 29. Bg3+ Kd7 30. Qb3 Kc8 31. Qb6 f6 32. b4 Qd7
33. b5 Ne5 34. bxa6 bxa6 35. Rab1 Qc6 36. Qb8+ Kd7 37. Rb7+ 1-0

[Event "10th EICC"]
[Site "Budva MNE"]
[Date "2009.03.12"]
[Round "7"]
[White "Schartz,A"]
[Black "Fugulyan,G"]
[Result "0-1"]
[WhiteElo "2202"]
[BlackElo "1978"]
[EventDate "2009.03.06"]

1. e4 e5 2. Nf3 Nc6 3. Bb5 a6 4. Bxc6 dxc6 5. O-O Qd6 6. d3 c5 7. Be3 f6 8.
a4 Be6 9. Nbd2 Ne7 10. b3 Nc6 11. Nc4 Qd7 12. Nfd2 g5 13. Re1 h5 14. Nf1 g4
15. Bd2 h4 16. f4 gxf3 17. Qxf3 Nd4 18. Qxf6 Rg8 19. Nxe5 Qg7 20. Qf2 Qxe5
21. Bf4 Ne2+ 22. Qxe2 Qxf4 23. Qh5+ Kd7 0-1

[Event "10th EICC"]
[Site "Budva MNE"]
[Date "2009.03.12"]
[Round "7"]
[White "Elkin,L"]
[Black "Gagic,M"]
[Result "1-0"]
[WhiteElo "2191"]
[BlackElo "1880"]
[EventDate "2009.03.06"]

1. d4 d5 2. c4 c6 3. Nf3 Nf6 4. e3 a6 5. Nbd2 Bg4 6. h3 Bf5 7. Be2 e6 8.
O-O Nbd7 9. Nh4 Bg6 10. Nxg6 hxg6 11. b3 Bd6 12. Bb2 Qe7 13. Qc2 O-O 14. c5
Bc7 15. f4 Nh5 16. Bd3 f5 17. Nf3 Ng3 18. Rfb1 Nf6 19. b4 Nfe4 20. h4 Kf7
21. Bc3 Nxc3 22. Qxc3 Ne4 23. Qe1 Nf6 24. a4 Ng4 25. b5 axb5 26. axb5 Rfb8
27. Ng5+ Ke8 28. g3 Qd7 29. Be2 Nf6 30. Rxa8 Rxa8 31. Ra1 Rxa1 32. Qxa1 Bd8
33. bxc6 bxc6 34. Qa8 Ke7 35. Ba6 Qc7 36. Bc8 Nd7 37. Bxd7 Qxd7 38. Nf3 Bc7
39. Qg8 Kf6 40. Ng5 1-0

[Event "10th EICC"]
[Site "Budva MNE"]
[Date "2009.03.12"]
[Round "7"]
[White "Rajcevic,S"]
[Black "Nestorovic,L"]
[Result "1-0"]
[WhiteElo "2161"]
[BlackElo "2207"]
[EventDate "2009.03.06"]

1. d4 Nf6 2. c4 e6 3. Nc3 Bb4 4. Qc2 O-O 5. e4 Bxc3+ 6. bxc3 d6 7. e5 dxe5
8. dxe5 Nfd7 9. Nf3 Nc6 10. Bf4 f5 11. exf6 gxf6 12. Rd1 Rf7 13. Nd4 e5 14.
Nxc6 bxc6 15. Bc1 Qe8 16. Be2 Nf8 17. O-O Ng6 18. Bf3 f5 19. Rfe1 Bd7 20.
Qa4 e4 21. Bh5 Re7 22. Bf4 Qc8 23. Bxg6 hxg6 24. Qa5 Be6 25. Qc5 Qe8 26. g3
Kh7 27. h4 a5 28. a4 Rd7 29. Qe5 Qf7 30. Qc5 Rad8 31. Rxd7 Rxd7 32. Qxa5
Bxc4 33. Qa8 Qf6 34. Qa5 Qf7 35. Qc5 Qd5 36. Qf8 Qf7 37. Qh6+ Kg8 38. Be5
Qh7 39. Qf4 Qf7 40. Rb1 Rd8 41. Bxc7 Rc8 42. Be5 Kh7 43. Bd4 c5 44. Be3 Bd5
45. Rb6 Bc6 46. a5 Kg8 47. Qg5 Kh7 48. a6 Rc7 49. a7 Ba8 50. h5 1-0

[Event "10th EICC"]
[Site "Budva MNE"]
[Date "2009.03.12"]
[Round "7"]
[White "Kopischke,M"]
[Black "Pantic,I"]
[Result "0-1"]
[WhiteElo "1910"]
[BlackElo "2193"]
[EventDate "2009.03.06"]

1. Nf3 Nf6 2. g3 b6 3. Bg2 Bb7 4. O-O c5 5. d3 d5 6. Nbd2 e6 7. e4 Be7 8.
e5 Nfd7 9. Re1 O-O 10. Nf1 Nc6 11. h4 b5 12. h5 a5 13. Bf4 a4 14. g4 a3 15.
b3 f6 16. Qe2 fxe5 17. Bxe5 Rxf3 18. Bxg7 Rf7 19. h6 Bf6 20. Bxf6 Qxf6 21.
Qxe6 Qxe6 22. Rxe6 Nd4 23. Rd6 Nxc2 24. Rd1 Kf8 25. Ng3 Nb4 26. Rd2 Ke7 27.
Nf5+ Rxf5 28. Rxd7+ Kxd7 29. gxf5 Rf8 30. Bf3 Kd6 31. d4 c4 32. bxc4 bxc4
33. Re2 Bc8 34. Re3 Nd3 35. Be2 Bxf5 36. Rg3 Nf4 37. Bd1 Bd3 38. Rg7 c3 0-1

[Event "10th EICC"]
[Site "Budva MNE"]
[Date "2009.03.12"]
[Round "7"]
[White "Vrhovnik,D"]
[Black "Kandic,Milo"]
[Result "1-0"]
[WhiteElo "1976"]
[BlackElo "2075"]
[EventDate "2009.03.06"]

1. e4 e6 2. d3 c5 3. Nf3 Nc6 4. Nbd2 g6 5. g3 Bg7 6. Bg2 Nge7 7. O-O O-O 8.
Re1 d5 9. e5 Qc7 10. Qe2 b6 11. Nf1 Nf5 12. c3 a5 13. h4 h5 14. Bf4 Ba6 15.
N1h2 Bh6 16. Ng5 Bg7 17. Rad1 Rfe8 18. g4 Nxh4 19. gxh5 Nxg2 20. Kxg2 f6
21. exf6 Qxf4 22. f7+ Kh8 23. fxe8=Q+ Rxe8 24. Qg4 Qxg4+ 25. Nxg4 gxh5 26.
Nf7+ Kh7 27. Nge5 Nxe5 28. Nxe5 d4 29. cxd4 cxd4 30. Rc1 Re7 31. Nc4 e5 32.
f4 Bh6 33. Rxe5 Rg7+ 34. Kf2 Bxf4 35. Rxh5+ Kg8 36. Rch1 Bg3+ 37. Ke2 Rg6
38. Rh8+ Kf7 39. R1h7+ Kf6 40. Rh6 Bxc4 41. dxc4 Bd6 42. Kd3 Bc5 43. Rxg6+
Kxg6 44. Rd8 Kf6 45. Re8 Kf5 46. Re1 Kf4 47. a3 Kf5 48. Re4 Kf6 49. b4 axb4
50. axb4 Bxb4 51. Kxd4 Bc5+ 52. Kd5 Kf7 53. Kc6 Bg1 54. Re1 Bc5 55. Rb1 Ke7
56. Rxb6 1-0